Т. 11: Астраханская, Волгоградская, Ростовская области и Калмыцкая АССР. Период 1951-1955. Вып. 1: Опубликованная литература; Геологическая изученность СССР

Opis bibliograficzny
Parent link:Геологическая изученность СССР: [обзорные главы, рефераты, аннотации и библиографические справки]/ Академия Наук СССР, Комиссия по геологической изученности СССР. Т. 11: Астраханская, Волгоградская, Ростовская области и Калмыцкая АССР. Период 1951-1955. Вып. 1: Опубликованная литература.— , 1961-1988
Kolejni autorzy: Наливкин Д. В. Дмитрий Васильевич
Język:rosyjski
Wydane: 1965
Hasła przedmiotowe:
Format: MixedMaterials Książka
KOHA link:https://koha.lib.tpu.ru/cgi-bin/koha/opac-detail.pl?biblionumber=208953

MARC

LEADER 00000nam2a2200000 4500
001 208953
005 20231031191607.0
035 |a (RuTPU)RU\TPU\book\228233 
035 |a RU\TPU\book\77029 
090 |a 208953 
100 |a 20120208d1965 k y0rusy50 ca 
101 0 |a rus 
102 |a RU 
105 |a y ad 001zy 
200 0 |a Т. 11: Астраханская, Волгоградская, Ростовская области и Калмыцкая АССР. Период 1951-1955. Вып. 1: Опубликованная литература  |f гл. ред. Д. В. Наливкин 
210 |d 1965 
215 |a 263 с. 
320 |a Сокращения: с. 7-10. 
320 |a Авторский указатель: с. 249-252. 
320 |a Предметно-систематический указатель: с. 252-254. 
320 |a Географический указатель: с. 254-261. 
320 |a Указатель минералов, полезных ископаемых и месторождений: с. 261-262.338-342. 
461 1 |0 (RuTPU)RU\TPU\book\58444  |t Геологическая изученность СССР  |o [обзорные главы, рефераты, аннотации и библиографические справки]  |f Академия Наук СССР, Комиссия по геологической изученности СССР  |v Т. 11: Астраханская, Волгоградская, Ростовская области и Калмыцкая АССР. Период 1951-1955. Вып. 1: Опубликованная литература  |d 1961-1988 
610 1 |a геологическая изученность 
610 1 |a СССР 
610 1 |a Астраханская область 
610 1 |a Волгоградская область 
610 1 |a геологическое районирование 
610 1 |a геологические исследования 
610 1 |a опубликованные источники 
610 1 |a рефераты 
610 1 |a библиографические пособия 
610 1 |a Ростовская область 
610 1 |a Калмыцкая АССР 
675 |a 55(47+57)  |v 3 
702 1 |a Наливкин  |b Д. В.  |g Дмитрий Васильевич  |4 651 
801 1 |a RU  |b 63413507  |c 20050115  |g PSBO 
801 2 |a RU  |b 63413507  |c 20120220  |g PSBO 
942 |c BK